00806 2200169 4500245004700000250001100047100001900058700001800077650001300095005001900108260003400127041001400161084001100175300002700186500041400213336000900627 aBuku pintar psikotescSujono SumarjohText aCet. 1 aSujono Sumarjo aArifv Fahrudi aPsikotes a20250131082126 aYogyakartab@Diva pressc2005 aIndonesia a155.25 a304 halaman :b20 cm ; aBuku kumpulan tes psikologi (psikotes) ini mencakup semua bidang ujian psikologi, baik yang digunakan untuk seleksi calon pengawai/mahasiswa.Dengan mempelajari buku ini, dapat dipastikan anda akan mendapatkan gambaran untuk menghadapi semua bentuk ujian psikotes,entah yang berupa Tes kemampuan umum (TKU), Tes potensi Akademik (TPA), Tes khusus kesehatan mental ,Tes kepribadian atau pun psikotes itu sendiri atext